Copa do Mundo da FIFA de 1938 - Statistics

Estatísticas Gerais
  • Esse quiz foi jogado 92 vezes
  • A pontuação média é 11 de 16
Estatísticas das Respostas
Grupo Time % Correto
Semi-Final (3° Colocado) Brasil
100%
Campeão Itália
99%
Oitavas-de-Final Alemanha
93%
Quartas-de-Final França
88%
Vice-Campeão Hungria
80%
Semi-Final (4° Colocado) Suécia
74%
Oitavas-de-Final Bélgica
71%
Quartas-de-Final Suiça
68%
Oitavas-de-Final (Desistente) Áustria
67%
Oitavas-de-Final Países Baixos
67%
Quartas-de-Final Tchecoslováquia
65%
Oitavas-de-Final Polônia
61%
Oitavas-de-Final Romênia
55%
Quartas-de-Final Cuba
38%
Oitavas-de-Final Indonésia / ìndias Ocidentais Neerlandesas
33%
Oitavas-de-Final Noruega
30%
Nenhum quiz correspondente encontrado
Distribuição das Pontuações
Porcentagem de Pessoas com Cada Pontuação
Percentil de Números Respondidos
Sua Pontuação Histórica
Você não jogou esse quiz